Responses for Show #8890 - Friday, June 9, 2023

Suresh Krishnan game 4.

Contestants

[<< previous game]

Tim Hagood, a communications consultant from Washington, D.C.

Vickie Cyr, a retired postmaster from Minneapolis, Minnesota

Suresh Krishnan, a networking engineer from Suwanee, Georgia (whose 3-day cash winnings total $38,199)

[next game >>]

Jeopardy! Round responses

STATE HOLIDAYS
PETS ON FILM
DIASPORA
CLASSIC TOYS & GAMES
QUICK BOOKS
RETRONYMS
    $200 6
Hawaii

Suresh
    $200 1
Toto

Suresh
    $200 11
(Tim: What's Myanmar?)

the USSR

Tim
Triple Stumper
    $200 16
a pogo stick

Tim
    $200 21
The Road

Vickie
    $200 26
a silent movie

Suresh
    $400 7
Susan B. Anthony

Suresh
    $400 2
(Tim: What's a hippopotamus?)
(Suresh: What's an elephant?)
(Vickie: What's a tiger?)

pig

SureshVickieTim
Triple Stumper
    $400 12
(Tim: What is cotton?)

sugar

SureshTim
    $400 17
Gumby

Tim
    $400 22
(Edwin) Drood

Vickie
    $400 27
a dial phone (a rotary phone)

Vickie
    $600 8
Vermont

Vickie
    $600 3
Bark

Tim
    $600 13
(Tim: What is Argentina?)
(Vickie: What's Ireland?)
...
(Suresh: [Turning towards his opponents] Thank you.)

Wales

SureshVickieTim
    $600 18
Boardwalk & Park Place

Tim
    $600 23
The Hate U Give

Triple Stumper
    $600 28
(Tim: What's... skim milk?)

a whole milk

SureshTim
    $800 9
the Navajo

Suresh
    $800 4
The Artist

Tim
    $800 14
Houston

Tim
    $800 19
(Suresh: What is Etch A Sketch?)
...
(Mayim: It's one of my favorite toys--[*].)

Lite-Brite

Suresh
Triple Stumper
    $800 24
Salman Rushdie

Suresh
    $800 29
an analog watch

Suresh
    $1000 10
Patriots' Day

Suresh
    $1,000 5
(Tim: What's Cujo?)

Beethoven's 5th

Tim
    $1000 15
Armenian

Triple Stumper
    $1000 20
Scattergories

Tim
    $1000 25
Kate Chopin

Triple Stumper
    $1000 30
acoustic guitar

Triple Stumper

Scores at the first commercial break (after clue 15):

Suresh Vickie Tim
$3,200 -$400 -$400

Scores at the end of the Jeopardy! Round:

Suresh Vickie Tim
$4,800 $600 $1,200

Double Jeopardy! Round responses

AROUND THE WORLD
STARTS WITH "W"
EPONYMOUS SCIENCE
WITH THIS RING
TV: WHO SAID IT
(Mayim: You'll name the character.)
A EURO LEADER PASS
    $400 22
(Lake) Victoria

Suresh
    $400 1
a warranty

Vickie
    $400 12
gas

Suresh
    $400 9
Jan Brady

Tim
    $400 17
brothers

Suresh
    $800 23
Spain

Triple Stumper
    $800 2
(Tim: What's to warp?)

weaponize

SureshTim
    $800 13
(Suresh: What is Curie point?)
(Mayim: More specific.)
(Suresh: Marie Curie point.)

Pierre Curie point

SureshVickie
    $800 29
(Tim: What's a lemur?)
(Mayim: More specific.)
...
[The end-of-round signal sounds.]

a ring-tailed lemur

Tim
    $800 8
(Mayim: That's right, [*] from Cheers.)

Norm

Tim
    $800 18
Sweden

Vickie
    $2,000 4
(Tim: What's Bunker Hill?)

San Juan Hill

Tim
    $1200 3
the Whirlpool Galaxy

Tim
    $1200 14
ergonomics

Suresh
    $1200 28
Tolkien

Suresh
    $1200 7
(Mayim: That is [*] on The Office.)

Creed

Triple Stumper
    $1200 19
(David) Cameron

Suresh
    $1600 24
Taoism

Triple Stumper
    $1600 10
wildcatting

Vickie
    $1600 15
search for extraterrestrial intelligence

Suresh
    $1600 27
the Doge

Vickie
    $1600 6
(Mayim: Yes, [*] from The Walking Dead.)

Rick (Grimes)

Tim
    $1600 20
Hungary

Suresh
    $2000 25
Uzbekistan

Tim
    $2000 11
worsted

Suresh
    $2000 16
(George) Boole

Suresh
    $2000 26
(Vickie: Who's Voltan?)
...
(Mayim: Less than a minute.)

Siegfried

Vickie
Triple Stumper
    $2000 5
(Mayim: That's right, from Game of Thrones.)

Tyrion Lannister

Tim
    $1,000 21
(Suresh: Who is, uh, Walesa?)

Václav Havel

Suresh

Scores at the end of the Double Jeopardy! Round:

Suresh Vickie Tim
$15,800 $3,800 $7,200
(lock game)

[wagering suggestions for these scores]

Final Jeopardy! Round responses

BRITISH NOVELS
(Mayim: [To Vickie] Virginia Woolf's novel--the protagonist is male in the first half and female in the second.)
...
(Mayim: [To Tim] I cannot read that.)
(Tim: The Importance of Being...)
(Mayim: What is The Importance of Being Earnest?)
VickieWhat is Orlando?
$3,795
TimWhat is The Importance of Being Ern
$506
SureshWhat is Dr. Jekyll & Hyde
$0
Orlando

Final scores:

Suresh Vickie Tim
$15,800 $7,595 $6,694
4-day champion: $53,999 2nd place: $2,000 3rd place: $1,000

Game dynamics:

Coryat scores:

Suresh Vickie Tim
$16,800 $3,800 $10,200
22 R,
4 W
(including 1 DD)
9 R,
3 W
14 R,
8 W
(including 2 DDs)

Combined Coryat: $30,800

[game clues] [game scores] [suggest correction]

Game tape date: 2023-04-03
The J! Archive is created by fans, for fans. Scraping, republication, monetization, and malicious use prohibited; this site may use cookies and collect identifying information. See terms. The Jeopardy! game show and all elements thereof, including but not limited to copyright and trademark thereto, are the property of Jeopardy Productions, Inc. and are protected under law. This website is not affiliated with, sponsored by, or operated by Jeopardy Productions, Inc. Join the discussion at JBoard.tv.